| АИС "Историко-культурное наследие Беларуси" | ||
| Базовый | Расширенный | Профессиональный | Словарь персоналий | Тематический словарь | По видам объектов | История запросов Заказы | Регистрация | |
Запись в MARC-формате
| копировать MARC-запись |
=LDR 00000nx\\c2200169\\\45\\
=001 BY-NLB-ar2764364
=005 20160330095630.3
=100 \\$a20080115abely50\\\\\\ca0
=152 \\$apsbo
=160 \\$ae-bw
=215 \\$aКасцёл святых апосталаў Пятра і Паўла (Ражанка, вёска; Шчучынскі раён)
=300 1\$aПомнік архітэктуры неаготыкі. Пабудаваны ў 1674 г. Перабудаваны ў 1924--1925 гг. Капітальна адрамантаваны і адкрыты ў 1990 г.
=356 \\$aЗнаходзіцца на паўночнай ускраіне вёскі Ражанка Шчучынскага раёна Гродзенскай вобласці.
=515 \\$5w$3BY-NLB-ar2764457$aКостел святых апостолов Петра и Павла (Рожанка, деревня; Щучинский район)
=801 \0$aBY$bBY-HM0000$c20080115
=810 \\$aКулагін, А.М. Каталіцкія храмы на Беларусі : энцыкл. давед. - Мн., 2000.
=999 \\$f2786$t20080115
Чтобы вернуться назад, щелкните кнопку BACK на Вашем браузере